00459nam a22001457a 4500082001000000100002400010110003100034245004800065260002700113300002000140526001900160942001200179999001900191952010300210 aCP-88 aNadeem Iqbal947573 aTabraiz Tehami Khan951520 aEngineering Hydrology bCE-354 Course Pack  aRisalpur,bMCE,c2018. adifferent pages a0b0c0dCP_88 2ddccBK c554204d554204 00102ddc4070aMCEbMCEd2019-03-18l1oCP-88pMCE-CP-88r2019-07-22s2019-07-22w2019-03-18yBK